| 000 | 00422nam a22001697a 4500 | ||
|---|---|---|---|
| 003 | NUST - PNEC | ||
| 005 | 20170116181120.0 | ||
| 008 | 151004b xxu||||| |||| 00| 0 eng d | ||
| 020 | _a0330263374 | ||
| 040 | _cLIBRARY | ||
| 082 | _a303.4 TOF | ||
| 100 |
_913464 _aToffler, Alvin |
||
| 245 |
_aThe third wave _cAlvin Toffler |
||
| 260 | _cc.1980 | ||
| 650 |
_913466 _aCivilization, Modern _xGeneral |
||
| 942 |
_2ddc _cBK |
||
| 999 |
_c69537 _d69537 |
||